[Event "Monte Grande FASGBA-ch"]
[Site "Monte Grande"]
[Date "2018.03.04"]
[Round "3.9"]
[White "Garzon, Enrique"]
[Black "Caballero, Cristian"]
[Result "1-0"]
[WhiteElo "2082"]
[BlackElo "1804"]
[PlyCount "87"]
[EventDate "2018.03.03"]
[EventType "swiss"]
[EventRounds "6"]
[EventCountry "ARG"]
[SourceTitle "EXT 2024"]
[Source "ChessBase"]
[SourceDate "2023.10.10"]
[SourceVersion "1"]
[SourceVersionDate "2023.10.10"]
[SourceQuality "1"]

1. e4 e5 2. Nf3 Nc6 3. Bb5 f5 4. d3 Nf6 5. Qe2 fxe4 6. dxe4 d6 7. Qc4 Bd7 8. Nc3 a6 9. Bxc6 bxc6 10. 0-0 Qe7 11. Ne2 Qe6 12. Qd3 Be7 13. Ng5 Qg4 14. f3 Qh4 15. f4 Qh5 16. Ng3 Qg4 17. fxe5 dxe5 18. Qc4 h6 19. Nf3 Bd6 20. Bd2 Rb8 21. Bc3 Rb5 22. a4 Rc5 23. Qxa6 0-0 24. Qd3 Rb8 25. b4 Rxc3 26. Qxc3 Bxb4 27. Qc4+ Be6 28. Qxc6 Bd6 29. Rab1 Rd8 30. a5 h5 31. a6 Bd7 32. Qc4+ Be6 33. Qc6 Bd7 34. Qb7 Bc8 35. Qb3+ Be6 36. Qc3 h4 37. a7 c6 38. Nf5 Bxf5 39. exf5 Ne4 40. h3 Qxf5 41. Nd2 Bc5+ 42. Qxc5 Qxf1+ 43. Nxf1 Nxc5 44. Rb8 1-0

[Event "Villa Diamante op"]
[Site "Villa Diamante"]
[Date "2015.08.17"]
[Round "7"]
[White "Lo Presti, Roberto"]
[Black "Caballero, Cristian"]
[Result "1-0"]
[WhiteElo "1956"]
[BlackElo "1715"]
[PlyCount "75"]
[EventDate "2015.08.14"]
[EventType "swiss"]
[EventRounds "7"]
[EventCountry "ARG"]
[SourceTitle "EXT 2016"]
[Source "ChessBase"]
[SourceDate "2015.10.08"]
[SourceVersion "1"]
[SourceVersionDate "2015.10.08"]
[SourceQuality "1"]

1. e4 e5 2. Nc3 Nf6 3. Bc4 Bb4 4. Nge2 0-0 5. 0-0 Nc6 6. d3 h6 7. a3 Bc5 8. b4 Be7 9. f4 exf4 10. Nxf4 d6 11. Bb2 Bg4 12. Qe1 Nh5 13. Ncd5 Ne5 14. Bxe5 dxe5 15. Nxe7+ Qxe7 16. Ng6 Qg5 17. Nxf8 Rxf8 18. Rf2 Nf4 19. Kh1 h5 20. Qd2 h4 21. d4 Rd8 22. c3 Rd6 23. Raf1 b6 24. Qc2 Ne6 25. dxe5 Qxe5 26. Rxf7 Kh8 27. Bxe6 Bxe6 28. Rf8+ Kh7 29. Qf2 Qxe4 30. Rf4 Qa8 31. Qxh4+ Kg8 32. Qe7 Qd5 33. Rf8+ Kh7 34. Qh4+ Kg6 35. Rh8 Bf5 36. Qh5+ Kf6 37. Rf8+ Ke6 38. Qe8# 1-0